Car Models by Picture #21 - Statistics

General Stats
  • This quiz has been taken 77 times
  • The average score is 6 of 12
Answer Stats
Picture Hint Answer % Correct
Lexus LFA
83%
Mazda RX-8
61%
Ferrari California
59%
Ford Ranger
59%
Kia Sportage
54%
Citroën DS 3
46%
Volvo V70
42%
Jaguar I-Pace
39%
Suzuki Cappuccino
36%
Chrysler Voyager
31%
Lancia Fulvia HF
24%
Mercury Cougar
22%
No matching quizzes found
Score Distribution
Percent of People with Each Score
Percentile by Number Answered
Your Score History
You have not taken this quiz